God's Credit Plan (Record no. 17806)

000 -LEADER
fixed length control field 00510nam a22001697a 4500
003 - CONTROL NUMBER IDENTIFIER
control field OkBaRHE
005 - DATE AND TIME OF LATEST TRANSACTION
control field 20110426204809.0
008 - FIXED-LENGTH DATA ELEMENTS--GENERAL INFORMATION
fixed length control field 110426t xxu||||| |||| 00| 0 eng d
040 ## - CATALOGING SOURCE
Transcribing agency
050 ## - LIBRARY OF CONGRESS CALL NUMBER
Classification number BX 8764
Item number .Z6 W3
100 ## - MAIN ENTRY--PERSONAL NAME
Personal name Walker, Jerry B.
9 (RLIN) 1100
245 ## - TITLE STATEMENT
Title God's Credit Plan
260 ## - PUBLICATION, DISTRIBUTION, ETC. (IMPRINT)
Place of publication, distribution, etc Houston, TX
Name of publisher, distributor, etc Jericho Publishing House
Date of publication, distribution, etc 1976
650 ## - SUBJECT ADDED ENTRY--TOPICAL TERM
Topical term or geographic name as entry element sermons, American
942 ## - ADDED ENTRY ELEMENTS (KOHA)
Source of classification or shelving scheme
Koha item type Books
Copies
Withdrawn status Lost status Price effective from Koha item type Shelving location Current Location Source of classification or shelving scheme Date last seen Copy number Full call number Damaged status Not for loan Date acquired Permanent Location Barcode
  2011-04-26BooksGeneral StacksRHEMA Bible Training College 2014-02-031BX 8764 .Z6 W3  2011-04-26RHEMA Bible Training College21870